Кривенко Василия

Доступно только в Электронных читальных залах Найти на картеНа карте
RUSMARC
00004014nac2a22003011x 450
0015f9ffa11-db32-4988-9424-6ae0a5443910
00520140109164435.0
100##$a20130529l18931915k y0rusy50 ca
1010#$arus
102##$aRU
105##$ay z |||||
1222#$ad18930609
$ad19150503
2001#$aКривенко Василия
$j9 июня 1893 - 3 мая 1916
215##$a17 листов
251##$cДело
300##$aЗаголовок дела на папке: Письма от Кривенко Василия Кони А. Ф.
300##$a11 писем
300##$aЛист 9 - разорван на две части
300##$aРукописный текст
330##$aПереписка А. Ф. Кони; Письма к А. Ф. Кони
461#0$10013a54f2e3-e9cf-409b-80fa-f0a9bd3c40cb
$12001
$aКони Анатолий Федорович, юрист, литератор, член академии наук, председатель Санкт-Петербургского окружного суда, член государственного совета
$1251
$cФонд
$1852
$j564
462#0$100178a475cd-a47d-4377-bff3-cee4b81de655
$12001
$aОпись дел фонда А. Ф. Кони за 1880-1931 гг.
$1251
$cОпись
$1852
$j1
517##$aПисьма от Кривенко Василия Кони А. Ф.
600#1$aКони
$bА. Ф.
$f1844-1927
$gАнатолий Федорович
600#1$aКривенко
$bВ.
$gВасилий
801#0$aRU
$bGA_RF
801#1$aRU
$bНПО Опыт
$c20130529
$2rusmarc
801#2$aRU
$bПБ им. Б.Н. Ельцина
$c20140109
$gRCR
$2rusmarc
852##$aГА РФ
$j2240
937##$d42634631
$hПБ
035##$aRuPRLIB51004145
Формат отображения